Beginning with the word : Modern Literature and the question of Belief (Record no. 22535)
[ view plain ]
| 000 -LEADER | |
|---|---|
| fixed length control field | 00494cam a2200181 i 4500 |
| 020 ## - INTERNATIONAL STANDARD BOOK NUMBER | |
| ISBN | 9780801027260 (pbk.) |
| 020 ## - INTERNATIONAL STANDARD BOOK NUMBER | |
| ISBN | 0801027268 (pbk.) |
| 082 00 - DEWEY DECIMAL CLASSIFICATION NUMBER | |
| Classification number | 801 |
| Author Cutter | LUN |
| 100 1# - MAIN ENTRY--AUTHOR NAME | |
| Author name | Lundin, Roger. |
| 245 10 - TITLE STATEMENT | |
| Title | Beginning with the word : Modern Literature and the question of Belief |
| 260 ## - PUBLICATION, DISTRIBUTION, ETC. (IMPRINT) | |
| Place of publication | U.S.A |
| Name of publisher | Baker Academic |
| Year of publication | 2014 |
| 300 ## - PHYSICAL DESCRIPTION | |
| Number of Pages | x, 261 pages ; |
| 490 0# - SERIES STATEMENT | |
| Series statement | Cultural exegesis |
| 650 #0 - SUBJECT ADDED ENTRY--TOPICAL TERM | |
| Topical Term | Literature and Morals |
| 650 #0 - SUBJECT ADDED ENTRY--TOPICAL TERM | |
| Topical Term | Literature and morals. |
| 942 ## - ADDED ENTRY ELEMENTS (KOHA) | |
| Koha item type | Books |
| Home library | Current library | Shelving location | Date acquired | Full call number | Accession Number | Koha item type |
|---|---|---|---|---|---|---|
| Henry Martyn Institute Library | Henry Martyn Institute Library | General stacks | 11/23/2018 | 801 LUN | 11-3901 | Books |
| Henry Martyn Institute Library | Henry Martyn Institute Library | General stacks | 11/23/2018 | 801 LUN | 11-3902 | Books |
